000 01017cam a22001814a 4500
005 20250605164142.0
008 250528s ||||||||||||||||||||||||d
035 _a19030
040 _aGR-AtMCL
_bgre
_dGR-AtMCL
_eAACR2
245 1 _aΕσείς και το Παιδί σας / Από Ένα εώς Τριών Ετών
250 _a
260 _bΑκμή,
_c1991
520 _aΟδηγός για την εγκυμοσύνη και τη Φροντίδα του Μωρού. Εισαγωγή, Η Διατροφή του Παιδιού, Ο Ύπνος, Το Κλάμα, Τουαλέτα και Σωματική Υγιεινή, Η Σωματική Ανάπτυξη, Η Κοινωνική Συμπεριφορά, Το Παιχνίδι, Ρούχα και Γενικός Εξοπλισμός, Η Ασφάλεια στο Σπίτι, Η Ιατρική στο Σπίτι, Ιατρικό Ευρετήριο, Ευρετήριο.
700 1 _aStoppard Miriam
_94334
942 _cBK
999 _c4315
_d4315